000 00476nam a2200145 4500
005 20260313094439.0
008 260313b |||||||| |||| 00| 0 eng d
020 _a9781439048443
100 _aSerway A. Raymond & Jewett W. John
245 _aPhysics for Scientists and Engineers with Modern Physics
_c/Raymond A. Serway
250 _a8th ed
260 _aUnited States of America;
_bBrooks/Cole Cengage Learning;
_c2010
300 _axxxii,1440p.ill;
_c28cm
942 _2lcc
_n0
_cBK
999 _c188
_d188